000 00525nam a22001937a 4500
040 _aISFD N° 12
082 _a370.114
_bBEN008776
100 _aBenavides Luis Benavides
240 _aCuentos para ser humano
245 _aCuentos para ser humano
_bCuentos, peliculas y canciones
250 _a1a.
260 _aBuenos Aires
_bSB
_c2008
300 _a256p.
650 _aValores-Educacion
942 _2ddc
_cLIB
999 _c7015
_d7015